000 00279nam a2200121Ia 4500
008 231129s9999||||xx |||||||||||||| ||spa||
040 _bspa
082 _a720.28 J16d
100 _aJacoby Helmut
245 0 _aDibujos de arquitectura
264 _aGustavo Gili
942 _2ddc
_cBKS
999 _c9280
_d9280